| 000 | 00635nam a2200157Ia 4500 | ||
|---|---|---|---|
| 008 | 100122s9999 xx 000 0 und d | ||
| 082 |
_b61772 _a821 |
||
| 100 | _aमाधव वसंत | ||
| 245 | _aतुझिया नामाचा गजर (संतवाणी- भाग 1 व 2) | ||
| 250 | _a5 | ||
| 260 |
_bबलवंत पुस्तक भांडार _c1989 |
||
| 300 | _a160 | ||
| 630 | _aतुझिया नामाचा गजर (संतवाणी- भाग 1 व 2) | ||
| 730 | _aतुझिया नामाचा गजर (संतवाणी- भाग 1 व 2) | ||
| 942 | _cBOOK | ||
| 999 |
_c436413 _d436410 |
||